Reading comprehension passages

This book is intended for both remedial reading teachers and classroom teachers. It contains activities for all ages and ability levels. Though it contains the most current and exciting new approaches, it requires no extra training beyond that given to teachers who already teach in some way

Đã lưu trong:
書目詳細資料
主要作者: John, Roland
格式: 圖書
語言:Undetermined
出版: London Collins 1980
主題:
標簽: 添加標簽
沒有標簽, 成為第一個標記此記錄!
Thư viện lưu trữ: Trung tâm Học liệu Trường Đại học Cần Thơ
LEADER 00851nam a2200205Ia 4500
001 CTU_29094
008 210402s9999 xx 000 0 und d
082 |a 428.24 
082 |b J65/T.3 
100 |a John, Roland 
245 0 |a Reading comprehension passages 
245 0 |c Roland John 
260 |a London 
260 |b Collins 
260 |c 1980 
520 |a This book is intended for both remedial reading teachers and classroom teachers. It contains activities for all ages and ability levels. Though it contains the most current and exciting new approaches, it requires no extra training beyond that given to teachers who already teach in some way 
650 |a English language,English language 
650 |x Study and teaching,Textbook foreign speakers 
904 |i Minh, 990310 
980 |a Trung tâm Học liệu Trường Đại học Cần Thơ